Normal view
MARC view
- Robinson, Thomas R
Entry Personal Name
001 - CONTROL NUMBER
- control field: 64544
003 - CONTROL NUMBER IDENTIFIER
- control field: JO-AjAnu
005 - DATE AND TIME OF LATEST TRANSACTION
- control field: 20231129121248.0
008 - FIXED-LENGTH DATA ELEMENTS
- fixed length control field: 231129|| aca||aabn | a|a d
040 ## - CATALOGING SOURCE
- Original cataloging agency: JO-AjAnu
100 ## - HEADING--PERSONAL NAME
- Personal name: Robinson, Thomas R